00782 a2200193 4500020001500000020001800015082001200033090001500045100002900060245011400089250001200203260004100215300002100256490008200277830008200359942002500441999001700466952010500483 a0471697389 a978047169738104a515.352 c1502d15021 aStanoyevitch, Alexander.10aIntroduction to numerical ordinary and partial differential equations using matlab /cAlexander Stanoyevitch. a1st ed. a[S.l.] :bWiley-Interscience,c2004. a832 p. ;c24 cm.1 aPure and applied mathematics: a wiley series of texts, monographs and tracts. 0aPure and applied mathematics: a wiley series of texts, monographs and tracts. aSNScBKk515.352 STA c30113d30113 00104070aSNSbSNSd2016-05-26l1o515.352 STApSNS0000647r2019-09-02s2019-08-28w2016-05-26yBK